000 00370nam a2200145Ia 4500
008 230917s9999||||xx |||||||||||||| ||und||
040 _e63931
_aMAIN
041 _aEnglish
082 _a382.1 C23I
100 _aCarraro, Carlo, ed
245 0 _aInternational economic policy co- ordination
260 _aOxford
_bBlakwell
_c1991
300 _aviii, 280 p.
942 _cBK
999 _c94981
_d94981